000
00221nam a22000857a 4500
008
170620b xxu||||| |||| 00| 0 eng d
100
_9
3558
_a
Prabhat. K. A
245
_a
Multimedia system design
260
_a
New delhi
_b
PHI
_c
1986
999
_c
6943
_d
6943